FC Barcelona czy Real Madryt - quiz piłka nożna - Statystyki

Ogólne statystyki
  • Ten quiz został rozwiązany 270 razy
  • Średni wynik to 8 z 10
Statystyki odpowiedzi
Zagadnienie Odpowiedź % Poprawnych
Która z tych drużyn była trenowana przez Zidane'a Real Madryt
97%
Która z tych drużyn miała przydomek "Galacticos" Real Madryt
95%
Która z tych drużyn słynie z filozofii "La Masia" FC Barcelona
94%
Która z tych drużyn miała więcej Hiszpanów w składzie (sezon 24/25) FC Barcelona
94%
Która z tych drużyn więcej razy wygrała Ligę Mistrzów w XXI wieku? Real Madryt
94%
W której z tych drużyn grało więcej Polaków? FC Barcelona
93%
Która z tych drużyn jako pierwsza zdobyła potrójną koronę w XXI wieku FC Barcelona
81%
Która z tych drużyn więcej razy wygrała Puchar Króla FC Barcelona
76%
Która z tych drużyn została założona wcześniej FC Barcelona
70%
Która z tych drużyn ma aktualnie najdroższego zawodnika na świecie (wg strony transfermarkt) FC Barcelona
51%
Nie znaleziono quizów pasujących do podanych kryteriów
Rozkład punktacji
Procent ludzi z każdym wynikiem
Percentyl według liczby udzielonych odpowiedzi
Twoja historia wyników
Nie rozwiązałeś tego quizu